History Quiz

Random History Quiz

Lifespans of Historical Figures Quiz Stats

Quiz not verified by Sporcle

Challenge
Share
Tweet
Embed
Score 0/50 Timer 09:00
0 Plays Today
% Correct
Abraham Lincoln
72.4%
Adolf Hitler
71.4%
John Fitzgerald Kennedy
70.4%
Victoria
68.9%
Joan of Arc
68.9%
Martin Luther King Jr.
67.3%
Winston Churchill
64.3%
Mohandas Gandhi
63.8%
Franklin Roosevelt
63.3%
George Washington
62.8%
Albert Einstein
62.8%
Elizabeth I
62.2%
Mao Zedong
61.7%
Joseph Stalin
60.7%
Charlie Chaplin
59.7%
Ernesto Guevara
59.7%
Charles I
59.7%
Thomas Edison
59.2%
William Shakespeare
58.7%
Napoleon Bonaparte
58.2%
Henry VIII
58.2%
Benjamin Franklin
56.6%
Wolfgang Amadeus Mozart
56.1%
John Adams
54.6%
Charles de Gaulle
54.1%
% Correct
Ludwig van Beethoven
54.1%
Benito Mussolini
53.6%
Sigmund Freud
52.6%
Thomas Jefferson
51.5%
Alexander Graham Bell
51.5%
Johann Sebastian Bach
51.5%
Charles Darwin
51%
James I
50.5%
Charles Dickens
50%
Vladimir Lenin
50%
Leonardo da Vinci
48%
Mark Twain
48%
Oliver Cromwell
47.4%
Isaac Newton
46.4%
Benjamin Disraeli
44.9%
Louis XIV
44.9%
Karl Marx
43.9%
Samuel Pepys
42.3%
Martin Luther
40.3%
Galileo Galilei
40.3%
Carl Linnaeus
37.2%
Immanuel Kant
37.2%
Nicolaus Copernicus
36.7%
John Calvin
35.2%
Johannes Kepler
32.7%

You're not logged in!

Compare scores with friends on all Sporcle quizzes.
Sign Up with Email
OR
Log In

You Might Also Like...

Show Comments

Extras

Top Quizzes Today


Score Distribution

Your Account Isn't Verified!

In order to create a playlist on Sporcle, you need to verify the email address you used during registration. Go to your Sporcle Settings to finish the process.

Report this User

Report this user for behavior that violates our Community Guidelines.

Details: